| 000 | 00714nam a2200217 a 4500 | ||
|---|---|---|---|
| 001 | 000045545 | ||
| 005 | 20240530073923.0 | ||
| 008 | 150414s1983 dr r 000 f spa d | ||
| 040 |
_aDO-SdBNP _bspa _cBNPHU |
||
| 082 |
_aRD863.42 _bD159r, 1983 |
||
| 100 | 1 |
_aDamirón, Rafael, _d1882-1956 _927287 |
|
| 245 | 1 | 0 |
_aRevolución / _cRafael Damiron. |
| 250 | _a2a ed. | ||
| 260 |
_aCiudad Trujillo, República Dominicana : _bAlfa y Omega, _c1983. |
||
| 300 |
_a117 p. ; _c22 cm. |
||
| 500 | _aIncluye datos biográficos del autor en la contracubierta | ||
| 590 | _aInventariado, 2019 / DG | ||
| 650 | 0 |
_aNovela dominicana _9223 |
|
| 650 | 0 |
_aLiteratura dominicana. _967 |
|
| 910 | _aValidado. Control de calidad. MFF | ||
| 999 |
_c45034 _d45034 |
||